<?xml version="1.0" encoding="UTF-8"?>
<record
    xmlns:xsi="http://www.w3.org/2001/XMLSchema-instance"
    xsi:schemaLocation="http://www.loc.gov/MARC21/slim http://www.loc.gov/standards/marcxml/schema/MARC21slim.xsd"
    xmlns="http://www.loc.gov/MARC21/slim">

  <leader>01176nam a2200265 a 4500</leader>
  <controlfield tag="001">79709</controlfield>
  <controlfield tag="003">BD-RjUL</controlfield>
  <controlfield tag="005">20220417152251.0</controlfield>
  <controlfield tag="008">220417s1953    ir ||||| |||| 00| 0 ara d</controlfield>
  <datafield tag="035" ind1=" " ind2=" ">
    <subfield code="a">(BD-RjUL)79709</subfield>
  </datafield>
  <datafield tag="040" ind1=" " ind2=" ">
    <subfield code="a">BD-RjUL</subfield>
    <subfield code="b">eng</subfield>
    <subfield code="c">BD-RjUL</subfield>
  </datafield>
  <datafield tag="041" ind1=" " ind2=" ">
    <subfield code="a">ara</subfield>
  </datafield>
  <datafield tag="082" ind1=" " ind2=" ">
    <subfield code="2">23</subfield>
    <subfield code="a">737.4</subfield>
    <subfield code="b">NAD 1953</subfield>
  </datafield>
  <datafield tag="100" ind1=" " ind2=" ">
    <subfield code="a">&#x646;&#x642;&#x634;&#x628;&#x646;&#x62F;&#x64A;&#x60C; &#x646;&#x627;&#x635;&#x631; &#x627;&#x644;&#x633;&#x64A;&#x62F; &#x645;&#x62D;&#x645;&#x648;&#x62F; [Naqshbandi, Nasser Al-Sayyid Mahmoud]</subfield>
    <subfield code="9">2507</subfield>
  </datafield>
  <datafield tag="245" ind1="1" ind2="4">
    <subfield code="a">&#x627;&#x644;&#x62F;&#x64A;&#x646;&#x627;&#x631; &#x627;&#x644;&#x625;&#x633;&#x644;&#x627;&#x645;&#x64A; &#x641;&#x64A; &#x627;&#x644;&#x645;&#x62A;&#x62D;&#x641; &#x627;&#x644;&#x639;&#x631;&#x627;&#x642;&#x64A; : &#x627;&#x644;&#x62F;&#x64A;&#x646;&#x627;&#x631; &#x627;&#x644;&#x623;&#x645;&#x648;&#x64A; &#x648;&#x627;&#x644;&#x639;&#x628;&#x627;&#x633;&#x64A; /[al-D&#x12B;n&#x101;r al-Isl&#x101;m&#x12B; f&#x12B; al-Mat&#x1E25;af al-&#x2BB;Ir&#x101;q&#x12B; : al-d&#x12B;n&#x101;r al-Umaw&#x12B; wa-al-&#x2BB;Abb&#x101;s&#x12B;] /</subfield>
    <subfield code="c"> &#x62A;&#x623;&#x644;&#x64A;&#x641; &#x646;&#x627;&#x635;&#x631; &#x627;&#x644;&#x633;&#x64A;&#x62F; &#x645;&#x62D;&#x645;&#x648;&#x62F; &#x627;&#x644;&#x646;&#x642;&#x634;&#x628;&#x646;&#x62F;&#x64A;. ; [N&#x101;&#x1E63;ir al-Sayyid Ma&#x1E25;m&#x16B;d Naqshaband]</subfield>
  </datafield>
  <datafield tag="250" ind1=" " ind2=" ">
    <subfield code="a">al-&#x1E6C;ab&#x2BB;ah 4</subfield>
  </datafield>
  <datafield tag="260" ind1=" " ind2=" ">
    <subfield code="a">Dimashq : </subfield>
    <subfield code="b">&#x62F;&#x627;&#x631; &#x627;&#x644;&#x648;&#x62B;&#x627;&#x626;&#x642;&#x60C; [D&#x101;r al-Wath&#x101;&#x2BC;iq,</subfield>
    <subfield code="c">1953</subfield>
  </datafield>
  <datafield tag="490" ind1=" " ind2=" ">
    <subfield code="a">Ma&#x1E6D;b&#x16B;&#x2BB;&#x101;t al-Majma&#x2BB; al-&#x2BB;Ilm&#x12B; al-&#x2BB;Ir&#x101;q&#x12B;.</subfield>
  </datafield>
  <datafield tag="505" ind1=" " ind2=" ">
    <subfield code="a">In Arabic and English.</subfield>
  </datafield>
  <datafield tag="650" ind1=" " ind2=" ">
    <subfield code="a">Dinar.</subfield>
    <subfield code="9">2504</subfield>
  </datafield>
  <datafield tag="650" ind1=" " ind2=" ">
    <subfield code="a">Islamic coins -- Catalogs. </subfield>
    <subfield code="9">2505</subfield>
  </datafield>
  <datafield tag="650" ind1=" " ind2=" ">
    <subfield code="a">Mat&#x1E25;af al-&#x2BB;Ir&#x101;q&#x12B;</subfield>
    <subfield code="9">2506</subfield>
  </datafield>
  <datafield tag="830" ind1=" " ind2=" ">
    <subfield code="a">Ma&#x1E6D;b&#x16B;&#x2BB;&#x101;t al-Majma&#x2BB; al-&#x2BB;Ilm&#x12B; al-&#x2BB;Ir&#x101;q&#x12B;.</subfield>
    <subfield code="9">1031</subfield>
  </datafield>
  <datafield tag="942" ind1=" " ind2=" ">
    <subfield code="2">ddc</subfield>
    <subfield code="c">BK</subfield>
  </datafield>
  <datafield tag="999" ind1=" " ind2=" ">
    <subfield code="c">79709</subfield>
    <subfield code="d">79709</subfield>
  </datafield>
  <datafield tag="952" ind1=" " ind2=" ">
    <subfield code="0">0</subfield>
    <subfield code="1">0</subfield>
    <subfield code="2">ddc</subfield>
    <subfield code="4">0</subfield>
    <subfield code="7">0</subfield>
    <subfield code="a">RUCL</subfield>
    <subfield code="b">RUCL</subfield>
    <subfield code="c">Reading</subfield>
    <subfield code="d">1963-11-03</subfield>
    <subfield code="o">A 737.4 NAD V-1 1953</subfield>
    <subfield code="r">2022-04-17 00:00:00</subfield>
    <subfield code="t">C-1</subfield>
    <subfield code="y">BK</subfield>
  </datafield>
</record>
